[Event "Paulista-ch final"]
[Site "Itapetininga"]
[Date "2009.10.02"]
[Round "2"]
[White "Lebredo Zarragoitia, Gerardo"]
[Black "Mekhitarian, Krikor Sevag"]
[Result "1-0"]
[WhiteElo "2258"]
[BlackElo "2496"]
[PlyCount "141"]
[EventDate "2009.10.02"]
[EventType "swiss"]
[EventRounds "6"]
[EventCountry "BRA"]
[SourceTitle "CBM 132 Extra"]
[Source "ChessBase"]
[SourceDate "2009.11.03"]
[SourceVersion "1"]
[SourceVersionDate "2009.11.03"]
[SourceQuality "1"]

1. d4 Nf6 2. c4 g6 3. Nc3 d5 4. Nf3 Bg7 5. e3 O-O 6. cxd5 Nxd5 7. Bc4 Nxc3 8.
bxc3 c5 9. O-O Nd7 10. a4 Qc7 11. Ba2 b6 12. e4 Ba6 13. Re1 e5 14. Bd5 cxd4 15.
Bxa8 Rxa8 16. cxd4 exd4 17. Bb2 Nc5 18. Ra3 Rd8 19. Qd2 Bb7 20. Bxd4 Ne6 21.
Rd3 Nxd4 22. Nxd4 Qd6 23. Rd1 Bxe4 24. Nc6 Qxd3 25. Nxd8 Qxd2 26. Rxd2 Bf6 27.
f3 Bg5 28. Rd7 Bc2 29. Rxa7 Bxd8 30. Ra8 Kg7 31. Rxd8 Bxa4 32. Rb8 b5 33. Kf2
Kf6 34. Ke3 g5 35. Rb6+ Ke5 36. h4 gxh4 37. Rh6 Bc2 38. Rxh4 Kf6 39. Kd2 Bf5
40. Ke3 Kg7 41. Rb4 Bd7 42. Kf4 Kf6 43. Ke4 Bc6+ 44. Kd4 Bd7 45. Kc5 Kg5 46.
Kd6 Be6 47. Rxb5+ Kf6 48. Rh5 Kg6 49. Rh1 Bc4 50. Ke5 Bb3 51. Kf4 f6 52. g4 Bd5
53. Rh5 Bb3 54. Rb5 Bc4 55. Rc5 Bd3 56. Kg3 Bb1 57. f4 Kg7 58. Rc7+ Kg8 59. Kh4
Bg6 60. f5 Bf7 61. g5 Kg7 62. Rc6 fxg5+ 63. Kxg5 Be8 64. f6+ Kf8 65. Rc8 Kf7
66. Rc7+ Kf8 67. Rxh7 Bb5 68. Rb7 Bc4 69. Rc7 Bb3 70. Kg6 Be6 71. Rb7 1-0

[Event "Paulista-ch final"]
[Site "Itapetininga"]
[Date "2009.10.03"]
[Round "3"]
[White "Brandao, Renan Alves"]
[Black "Mekhitarian, Krikor Sevag"]
[Result "0-1"]
[WhiteElo "2046"]
[BlackElo "2496"]
[PlyCount "94"]
[EventDate "2009.10.02"]
[EventType "swiss"]
[EventRounds "6"]
[EventCountry "BRA"]
[SourceTitle "CBM 132 Extra"]
[Source "ChessBase"]
[SourceDate "2009.11.03"]
[SourceVersion "1"]
[SourceVersionDate "2009.11.03"]
[SourceQuality "1"]

1. d4 Nf6 2. c4 g6 3. f3 d5 4. cxd5 Nxd5 5. e4 Nb6 6. Nc3 Bg7 7. Be3 O-O 8. Qd2
Nc6 9. O-O-O f5 10. Nh3 fxe4 11. d5 Ne5 12. fxe4 Bxh3 13. gxh3 Nbc4 14. Bxc4
Nxc4 15. Qe2 Nxe3 16. Qxe3 Qd6 17. Ne2 Qe5 18. Qd4 Rf2 19. Qxe5 Bxe5 20. Rd2
Raf8 21. Kc2 Rg2 22. Rhd1 Rff2 23. Nc3 Rxh2 24. Rxf2 Rxf2+ 25. Rd2 Rxd2+ 26.
Kxd2 Bxc3+ 27. bxc3 e6 28. c4 exd5 29. cxd5 Kf7 30. Ke3 Kf6 31. Kd4 g5 32. e5+
Kf5 33. a4 h5 34. a5 a6 35. e6 Kf6 36. Ke4 c6 37. Kd4 cxd5 38. Kxd5 Ke7 39. Kc5
g4 40. hxg4 hxg4 41. Kb6 g3 42. Kxb7 g2 43. Kxa6 g1=Q 44. Kb7 Kxe6 45. a6 Kd7
46. a7 Qg2+ 47. Kb8 Qg8+ 0-1

[Event "Paulista-ch final"]
[Site "Itapetininga"]
[Date "2009.10.04"]
[Round "5"]
[White "Medeiros, Horacio Prol"]
[Black "Mekhitarian, Krikor Sevag"]
[Result "0-1"]
[WhiteElo "2132"]
[BlackElo "2496"]
[PlyCount "98"]
[EventDate "2009.10.02"]
[EventType "swiss"]
[EventRounds "6"]
[EventCountry "BRA"]
[SourceTitle "CBM 132 Extra"]
[Source "ChessBase"]
[SourceDate "2009.11.03"]
[SourceVersion "1"]
[SourceVersionDate "2009.11.03"]
[SourceQuality "1"]

1. e4 e5 2. Nf3 Nc6 3. d4 exd4 4. Bc4 Nf6 5. Ng5 Ne5 6. Bb3 h6 7. f4 hxg5 8.
fxe5 Nxe4 9. Qxd4 Nc5 10. O-O d5 11. Qxd5 Qxd5 12. Bxd5 Be6 13. Nc3 g4 14. Be3
Rh5 15. Rae1 Rd8 16. Bb3 Nxb3 17. axb3 Rxe5 18. Bf4 Bc5+ 19. Kh1 Rxe1 20. Rxe1
Bd6 21. Bxd6 Rxd6 22. Nb5 Rd7 23. c3 c5 24. Kg1 a6 25. Na3 Kd8 26. Re5 Rd1+ 27.
Kf2 Rd2+ 28. Re2 Rxe2+ 29. Kxe2 Bxb3 30. c4 Ke7 31. Ke3 g5 32. Kd3 Ke6 33. Nb1
b5 34. cxb5 axb5 35. Nc3 Bc4+ 36. Ke3 f5 37. g3 b4 38. Na4 Kd6 39. Nb6 Ba6 40.
b3 Kc6 41. Na4 Bb5 42. Nb2 Kd5 43. Nd1 Bd7 44. Nf2 Be6 45. Nd3 Kd6 46. Nc1 Bd5
47. Kd3 Kc6 48. Ke3 Kb5 49. Kd3 Bxb3 0-1

[Event "Paulista-ch final"]
[Site "Itapetininga"]
[Date "2009.10.04"]
[Round "6"]
[White "Mekhitarian, Krikor Sevag"]
[Black "Martins, Vinicius Tine"]
[Result "1/2-1/2"]
[WhiteElo "2496"]
[BlackElo "2264"]
[PlyCount "81"]
[EventDate "2009.10.02"]
[EventType "swiss"]
[EventRounds "6"]
[EventCountry "BRA"]
[SourceTitle "CBM 132 Extra"]
[Source "ChessBase"]
[SourceDate "2009.11.03"]
[SourceVersion "1"]
[SourceVersionDate "2009.11.03"]
[SourceQuality "1"]

1. d4 d5 2. c4 c6 3. Nc3 Nf6 4. Nf3 a6 5. a4 e6 6. Bg5 Bb4 7. Qb3 Qa5 8. Bxf6
gxf6 9. e3 Nd7 10. cxd5 cxd5 11. Be2 Nb6 12. O-O Bd7 13. Ne1 Rc8 14. Nd3 Bxc3
15. bxc3 Rxc3 16. Qb2 Rc7 17. Nc5 Bc6 18. Rfc1 Nc8 19. Ra3 Nd6 20. h3 Rc8 21.
Rac3 Ra8 22. Bd3 f5 23. Qa3 Nc4 24. Bxc4 dxc4 25. Rxc4 Rg8 26. g3 Qd8 27. Nd3
Qd5 28. Rxc6 bxc6 29. Ne5 f6 30. Nxc6 Rg7 31. Rc5 Qd6 32. Ne5 Rd8 33. Nc4 Qb8
34. Rc6 Re7 35. Qc5 Qb1+ 36. Kh2 Qf1 37. Nd6+ Rxd6 38. Qxd6 Qxf2+ 39. Kh1 Qxe3
40. Rc8+ Kf7 41. Qd8 1/2-1/2

[Event "BRA-ch sf"]
[Site "Vitoria"]
[Date "2009.10.30"]
[Round "1"]
[White "Neves, Andrey Marcelo"]
[Black "Mekhitarian, Krikor Sevag"]
[Result "0-1"]
[WhiteElo "2100"]
[BlackElo "2496"]
[PlyCount "122"]
[EventDate "2009.10.30"]
[EventType "swiss"]
[EventRounds "7"]
[EventCountry "BRA"]
[SourceTitle "EXT 2010"]
[Source "ChessBase"]
[SourceDate "2010.11.25"]
[SourceVersion "1"]
[SourceVersionDate "2010.11.25"]
[SourceQuality "1"]

1. Nf3 c5 2. b3 d5 3. e3 a6 4. Bb2 Nc6 5. d4 Bg4 6. Be2 Nf6 7. O-O e6 8. Nbd2
Be7 9. c4 O-O 10. Rc1 Nd7 11. cxd5 exd5 12. dxc5 Bxc5 13. a3 a5 14. Nb1 Be6 15.
Nc3 Ne7 16. Nb5 Rc8 17. b4 axb4 18. axb4 Bb6 19. Nfd4 Nf6 20. Rxc8 Qxc8 21. Qa1
Qa8 22. Qxa8 Rxa8 23. Ra1 Rxa1+ 24. Bxa1 Nc8 25. Nb3 Ne4 26. Na5 Ned6 27. Nxd6
Nxd6 28. Bc3 Bxa5 29. bxa5 Nc4 30. Bxc4 dxc4 31. Kf1 f6 32. Bd4 Kf7 33. Ke1 g5
34. Kd2 Bd5 35. f3 f5 36. Kc3 g4 37. fxg4 fxg4 38. g3 Ke7 39. Bc5+ Kd7 40. Kd4
Kc6 41. Bb6 Bf7 42. e4 Kb5 43. Kc3 Bg6 44. e5 Bf7 45. Bc7 Kc5 46. Bd6+ Kd5 47.
Bc7 Ke4 48. Bd6 Be6 49. Bc7 Kf3 50. Bd8 Kg2 51. Kd4 Kxh2 52. Bh4 Kg2 53. Kc5 c3
54. Kd6 h6 55. Kxe6 c2 56. Kf7 c1=Q 57. e6 Qc4 58. Kf6 Kf3 59. e7 Qg8 60. Ke5
Qe8 61. Kd4 Qb5 0-1

[Event "BRA-ch sf"]
[Site "Vitoria"]
[Date "2009.10.31"]
[Round "2"]
[White "Mekhitarian, Krikor Sevag"]
[Black "Cordeiro, Marco Aurelio Zaror"]
[Result "1-0"]
[WhiteElo "2496"]
[BlackElo "2225"]
[PlyCount "97"]
[EventDate "2009.10.30"]
[EventType "swiss"]
[EventRounds "7"]
[EventCountry "BRA"]
[SourceTitle "EXT 2010"]
[Source "ChessBase"]
[SourceDate "2010.11.25"]
[SourceVersion "1"]
[SourceVersionDate "2010.11.25"]
[SourceQuality "1"]

1. d4 d5 2. c4 dxc4 3. e4 e5 4. Nf3 Nf6 5. Nc3 exd4 6. Qxd4 Qxd4 7. Nxd4 Bb4 8.
f3 a6 9. Bxc4 b5 10. Be2 c5 11. Nc2 Ba5 12. O-O Be6 13. e5 Bxc3 14. bxc3 Nd5
15. Bd2 Nb6 16. Ne3 Nc6 17. f4 O-O-O 18. Be1 Rhe8 19. Bf3 Kc7 20. f5 Bc4 21.
Nxc4 Nxc4 22. e6 fxe6 23. Bh4 Rd3 24. Bh5 Rf8 25. fxe6 Rxf1+ 26. Rxf1 Kd6 27.
Bf7 Ne3 28. Bg3+ Ke7 29. Bh4+ Kd6 30. Rf3 g6 31. Bg3+ Ke7 32. Bh4+ Kd6 33. h3
Rd1+ 34. Kf2 Nf5 35. Bg5 Nfe7 36. Ke2 Rd5 37. Bf4+ Ne5 38. c4 Rd4 39. g3 Re4+
40. Re3 Rxe3+ 41. Kxe3 g5 42. Bxg5 Nxc4+ 43. Ke4 Nc6 44. Kf5 Nd4+ 45. Kf6 Nb6
46. Bf4+ Kc6 47. e7 Nd7+ 48. Kg5 h6+ 49. Kg6 1-0

[Event "BRA-ch sf"]
[Site "Vitoria"]
[Date "2009.10.31"]
[Round "3"]
[White "Gauche, Charles"]
[Black "Mekhitarian, Krikor Sevag"]
[Result "1/2-1/2"]
[WhiteElo "2279"]
[BlackElo "2496"]
[PlyCount "116"]
[EventDate "2009.10.30"]
[EventType "swiss"]
[EventRounds "7"]
[EventCountry "BRA"]
[SourceTitle "EXT 2010"]
[Source "ChessBase"]
[SourceDate "2010.11.25"]
[SourceVersion "1"]
[SourceVersionDate "2010.11.25"]
[SourceQuality "1"]

1. Nf3 c5 2. c3 Nf6 3. d4 e6 4. Bg5 Be7 5. Nbd2 b6 6. e3 Bb7 7. Bd3 O-O 8. O-O
cxd4 9. exd4 d6 10. Re1 Nbd7 11. a4 a6 12. Rc1 Re8 13. Nc4 Qc7 14. Bh4 g6 15.
Ncd2 Bf8 16. h3 Bg7 17. Bc4 h6 18. Bg3 Bf8 19. Bb3 b5 20. Qc2 Bd5 21. Bxd5 Nxd5
22. axb5 axb5 23. Qb3 Rab8 24. Ra1 Qc6 25. Ra7 N7b6 26. Rea1 Nc4 27. R7a6 Rb6
28. Rxb6 Ncxb6 29. Ra5 Nc7 30. Ra1 Rc8 31. Re1 Ncd5 32. Rc1 Ra8 33. Ne1 Nc4 34.
Ndf3 Ra4 35. Nd3 Qa6 36. Qd1 Ra2 37. Rb1 Qa4 38. Kh2 Qxd1 39. Rxd1 f5 40. Rb1
g5 41. Kg1 Kf7 42. Bh2 Kf6 43. Kh1 f4 44. Nfe1 e5 45. dxe5+ dxe5 46. f3 b4 47.
cxb4 Bxb4 48. Nc2 Bd2 49. Ra1 Rxa1+ 50. Nxa1 Nb4 51. Nc5 Bc1 52. Ne4+ Kg6 53.
Nb3 Bxb2 54. Bg1 Nc2 55. Bf2 h5 56. Kg1 Ba3 57. Ba7 Be7 58. Kf2 Nb4 1/2-1/2

[Event "BRA-ch sf"]
[Site "Vitoria"]
[Date "2009.11.01"]
[Round "4"]
[White "Mekhitarian, Krikor Sevag"]
[Black "Gazel Pereira, Frederico"]
[Result "1-0"]
[WhiteElo "2496"]
[BlackElo "2281"]
[PlyCount "87"]
[EventDate "2009.10.30"]
[EventType "swiss"]
[EventRounds "7"]
[EventCountry "BRA"]
[SourceTitle "EXT 2010"]
[Source "ChessBase"]
[SourceDate "2010.11.25"]
[SourceVersion "1"]
[SourceVersionDate "2010.11.25"]
[SourceQuality "1"]

1. e4 e5 2. Nf3 Nc6 3. Bb5 a6 4. Ba4 Nf6 5. O-O Be7 6. Re1 b5 7. Bb3 d6 8. c3
O-O 9. h3 Na5 10. Bc2 c5 11. d4 Nd7 12. d5 Nb6 13. Nbd2 f5 14. exf5 Bxf5 15.
Bxf5 Rxf5 16. Ne4 Qd7 17. Nfg5 Bxg5 18. Bxg5 Nb7 19. b3 Qf7 20. a4 bxa4 21. c4
Qd7 22. Bd2 Rff8 23. Ra3 axb3 24. Qxb3 Nc8 25. Rb1 Ra7 26. Qa2 a5 27. Bxa5 h6
28. Bd2 Rxa3 29. Qxa3 Rf7 30. Qa6 Kh7 31. f3 Kh8 32. Be1 Kh7 33. Bh4 Kh8 34.
Be1 Kh7 35. h4 Kh8 36. h5 Kh7 37. Bh4 Kh8 38. Qc6 Kh7 39. Ra1 Qc7 40. Ra6 Rd7
41. Kh2 Rf7 42. Ra8 Nb6 43. Re8 Nxc4 44. Nf6+ 1-0

[Event "BRA-ch sf"]
[Site "Vitoria"]
[Date "2009.11.01"]
[Round "5"]
[White "Santiago, Yago de Moura"]
[Black "Mekhitarian, Krikor Sevag"]
[Result "1-0"]
[WhiteElo "2333"]
[BlackElo "2496"]
[PlyCount "191"]
[EventDate "2009.10.30"]
[EventType "swiss"]
[EventRounds "7"]
[EventCountry "BRA"]
[SourceTitle "EXT 2010"]
[Source "ChessBase"]
[SourceDate "2010.11.25"]
[SourceVersion "1"]
[SourceVersionDate "2010.11.25"]
[SourceQuality "1"]

1. Nf3 c5 2. c4 Nc6 3. g3 g6 4. Bg2 Bg7 5. O-O e5 6. Nc3 d6 7. d3 Nge7 8. Nd2
O-O 9. Nd5 Rb8 10. e3 a6 11. Ne4 Nxd5 12. cxd5 Ne7 13. Nc3 b5 14. a4 f5 15. f4
exf4 16. gxf4 b4 17. Qb3 a5 18. Nb1 Kh8 19. Nd2 Ng8 20. Nc4 Ba6 21. Rb1 Qc7 22.
Bd2 Rbe8 23. Rfe1 Re7 24. Re2 Rfe8 25. Bf3 Nf6 26. Rbe1 Nd7 27. Bc1 Nb6 28.
Nxa5 Nxd5 29. Qxd5 Qxa5 30. Qxd6 c4 31. dxc4 Bxc4 32. Rd2 Qxa4 33. Bc6 Qa7 34.
Bxe8 Rxe8 35. Qxb4 Bg8 36. Rf2 Rb8 37. Qd6 Rb6 38. Qd3 Qa2 39. b4 Qa1 40. Bd2
Qb2 41. Rb1 Qf6 42. b5 Rd6 43. Qe2 Bd5 44. Bb4 Rd8 45. Bc5 Qe6 46. Rb4 Bb7 47.
Qc4 Qd7 48. Bd4 Qe7 49. Qc3 Rc8 50. Bxg7+ Kg8 51. Rc4 Rxc4 52. Qxc4+ Kxg7 53.
Qd4+ Kh6 54. Kf1 Qa3 55. Rb2 Qa1+ 56. Ke2 Qc1 57. Qd2 Qa1 58. Qb4 Bd5 59. Kd2
Qg1 60. Qf8+ Kh5 61. Qf6 h6 62. Qd4 Bf3 63. Kc3 Qe1+ 64. Qd2 Qa1 65. Kb4 Qa7
66. Qd4 Qe7+ 67. Qc5 Qe4+ 68. Ka3 Qa8+ 69. Kb3 Qa1 70. Qd4 Bd1+ 71. Kb4 Qa4+
72. Kc5 Qa3+ 73. Rb4 Be2 74. b6 Bf3 75. Kd6 Qa8 76. Qe5 Qc8 77. Qe6 Qd8+ 78.
Qd7 Qf8+ 79. Qe7 Qb8+ 80. Kc5 Qc8+ 81. Kd4 Qc1 82. b7 Qd2+ 83. Kc5 Qc3+ 84. Kb6
Qc6+ 85. Ka7 Qd5 86. Qe5 Qa2+ 87. Kb6 Qa3 88. b8=Q Qxb4+ 89. Qb5 Qe7 90. Qc5
Qe6+ 91. Qbd6 Qb3+ 92. Kc7 Qb7+ 93. Kd8 Qa8+ 94. Ke7 Qb7+ 95. Kf6 Qa8 96. Kg7
1-0

[Event "BRA-ch sf"]
[Site "Vitoria"]
[Date "2009.11.02"]
[Round "6"]
[White "Mekhitarian, Krikor Sevag"]
[Black "Okamura, Milton Kasuo"]
[Result "1-0"]
[WhiteElo "2496"]
[BlackElo "2191"]
[PlyCount "81"]
[EventDate "2009.10.30"]
[EventType "swiss"]
[EventRounds "7"]
[EventCountry "BRA"]
[SourceTitle "EXT 2010"]
[Source "ChessBase"]
[SourceDate "2010.11.25"]
[SourceVersion "1"]
[SourceVersionDate "2010.11.25"]
[SourceQuality "1"]

1. e4 e5 2. Nf3 Nc6 3. Bb5 a6 4. Ba4 Nf6 5. O-O Be7 6. Re1 b5 7. Bb3 d6 8. c3
O-O 9. h3 Nb8 10. d4 Nbd7 11. Nbd2 Bb7 12. Bc2 Re8 13. Nf1 Bf8 14. Ng3 g6 15.
b3 c5 16. d5 Bg7 17. a4 Qc7 18. Qe2 c4 19. bxc4 bxc4 20. a5 Rec8 21. Nd2 Bh6
22. Ngf1 Nh5 23. g3 Ng7 24. Ne3 Bxe3 25. Qxe3 f5 26. f3 Rf8 27. Qe2 Rac8 28.
Nf1 Nh5 29. Kg2 Rf7 30. Bd2 Rcf8 31. Bh6 fxe4 32. fxe4 Rf2+ 33. Qxf2 Rxf2+ 34.
Kxf2 Nc5 35. Kg2 Nb3 36. Ra4 Bc8 37. Rb4 Nxa5 38. Ne3 Bd7 39. Ng4 Bb5 40. Rf1
Qe7 41. Ba4 1-0

[Event "BRA-ch sf"]
[Site "Vitoria"]
[Date "2009.11.02"]
[Round "7"]
[White "Bueno, Alfeu Varela Jr"]
[Black "Mekhitarian, Krikor Sevag"]
[Result "0-1"]
[WhiteElo "2275"]
[BlackElo "2496"]
[PlyCount "203"]
[EventDate "2009.10.30"]
[EventType "swiss"]
[EventRounds "7"]
[EventCountry "BRA"]
[SourceTitle "EXT 2010"]
[Source "ChessBase"]
[SourceDate "2010.11.25"]
[SourceVersion "1"]
[SourceVersionDate "2010.11.25"]
[SourceQuality "1"]

1. e4 c5 2. Nc3 a6 3. g3 b5 4. Bg2 Bb7 5. d3 e6 6. f4 d5 7. exd5 exd5 8. Qe2+
Be7 9. Be3 Qd6 10. d4 c4 11. Nf3 Nf6 12. Ne5 O-O 13. O-O Qc7 14. Rae1 Nbd7 15.
g4 Bd6 16. g5 Ne4 17. Qh5 f5 18. Rf3 Bxe5 19. Rh3 Ndf6 20. Qh4 Bd6 21. gxf6 g6
22. Bxe4 dxe4 23. Kf2 Kh8 24. Rg1 Rg8 25. f7 Qxf7 26. d5 Rg7 27. Bd4 Kg8 28.
Ke2 Be7 29. Qf2 Bf6 30. Rd1 Rd8 31. a3 Qe7 32. Qe3 Qd6 33. Bc5 Qd7 34. Bb6 Rc8
35. Rg3 Qd6 36. Rgg1 Rd7 37. Rd2 Qf8 38. Qh3 Bg7 39. Qe3 Qf7 40. Rgd1 Qf6 41.
Rg1 Qh4 42. Kd1 Bh6 43. Rf1 Bg7 44. Kc1 Qe7 45. Rfd1 Qd6 46. Ba5 Qc5 47. Qg3
Re8 48. Re2 e3 49. Qf3 Bf6 50. Qg3 Bxd5 51. Bb4 Qc6 52. Rxe3 Be4 53. Rde1 Bd4
54. R3e2 Rf7 55. Rd1 Bc5 56. Ba5 Rd7 57. Rde1 Rde7 58. h4 Bf3 59. Re5 Bd6 60.
Rxe7 Rxe7 61. Rf1 Bg4 62. Kb1 Bc5 63. Qh2 Re3 64. Qd2 Qd6 65. Qc1 Re8 66. Re1
Rxe1 67. Qxe1 Qe7 68. Qd2 Bf3 69. Bd8 Qd6 70. Kc1 Qxd2+ 71. Kxd2 Kf7 72. Na2
Ke6 73. Nb4 Bb7 74. Ke2 Kd7 75. Bf6 a5 76. Na2 Be4 77. Kd2 Bd6 78. Bg5 Bf8 79.
Nc3 Kc6 80. Bd8 Bd6 81. Bg5 Bd5 82. Ne2 Bf7 83. Bf6 b4 84. axb4 axb4 85. Bd4
Kd5 86. Ke3 Be7 87. Bg7 Bxh4 88. Bf8 b3 89. cxb3 cxb3 90. Nd4 Bf6 91. Nxb3 Bxb2
92. Bh6 Be8 93. Nd2 Bd4+ 94. Kf3 Ba4 95. Ke2 Bb5+ 96. Ke1 Be3 97. Nf3 Bd3 98.
Nd2 Be4 99. Ke2 Bb6 100. Nf3 Bxf3+ 101. Kxf3 Kd4 102. Bf8 0-1

[Event "Festa da Uva rapid op"]
[Site "Caxias do Sul"]
[Date "2010.03.??"]
[Round "3"]
[White "Macedo, Thiago Crema"]
[Black "Mekhitarian, Krikor Sevag"]
[Result "0-1"]
[WhiteElo "2086"]
[BlackElo "2500"]
[PlyCount "82"]
[EventDate "2010.03.06"]
[EventType "swiss (rapid)"]
[EventRounds "9"]
[EventCountry "BRA"]
[SourceTitle "EXT 2018"]
[Source "ChessBase"]
[SourceDate "2017.10.13"]
[SourceVersion "1"]
[SourceVersionDate "2017.10.13"]
[SourceQuality "1"]

1. e4 c5 2. Nf3 Nc6 3. Bc4 e6 4. Qe2 g6 5. O-O Bg7 6. c3 Nge7 7. e5 d6 8. d4
cxd4 9. cxd4 dxe5 10. dxe5 Nd4 11. Nxd4 Qxd4 12. Bb5+ Nc6 13. Bxc6+ bxc6 14.
Re1 O-O 15. Nd2 a5 16. Nf3 Qd5 17. Bg5 Re8 18. a4 c5 19. Rac1 Rb8 20. Rc3 Rb4
21. Rec1 Bf8 22. Be3 c4 23. Qc2 Ba6 24. Rd1 Qb7 25. Bc1 Qc6 26. Re1 Qxa4 27.
Qe4 Bb7 28. Qh4 Qc6 29. Qh3 Rd8 30. Ng5 h6 31. Nf3 h5 32. Qg3 Rb3 33. Be3 Rxc3
34. bxc3 Rd3 35. h3 Rxc3 36. Nh4 Bg7 37. f3 a4 38. Nxg6 fxg6 39. Qxg6 Qd7 40.
Bf2 Qf7 41. Qg5 Rd3 0-1

[Event "Festa da Uva rapid op"]
[Site "Caxias do Sul"]
[Date "2010.03.??"]
[Round "4"]
[White "Mekhitarian, Krikor Sevag"]
[Black "Born, Carlos Rodrigo"]
[Result "1-0"]
[WhiteElo "2500"]
[BlackElo "2199"]
[PlyCount "109"]
[EventDate "2010.03.06"]
[EventType "swiss (rapid)"]
[EventRounds "9"]
[EventCountry "BRA"]
[SourceTitle "EXT 2018"]
[Source "ChessBase"]
[SourceDate "2017.10.13"]
[SourceVersion "1"]
[SourceVersionDate "2017.10.13"]
[SourceQuality "1"]

1. e4 c5 2. Nf3 d6 3. d4 cxd4 4. Nxd4 Nf6 5. Nc3 a6 6. Be3 e6 7. g4 h6 8. Bg2
Nbd7 9. h3 Be7 10. Qe2 Qc7 11. O-O-O Ne5 12. Kb1 Bd7 13. f4 Nc4 14. Bc1 Rc8 15.
b3 Qa5 16. Rd3 Na3+ 17. Kb2 Nb5 18. Bd2 Nxd4 19. Rxd4 Qb6 20. Be3 Qa5 21. Qd2
d5 22. Na4 Qxd2 23. Rxd2 Bxa4 24. bxa4 Bb4 25. Rd3 dxe4 26. Rb3 Bc5 27. Rc3 b6
28. Bxc5 bxc5 29. Rc4 Ke7 30. Bxe4 Rhd8 31. Bd3 Nd5 32. a5 Rb8+ 33. Kc1 Nb4 34.
Rd1 Rb5 35. a3 Nxd3+ 36. Rxd3 Rxd3 37. cxd3 Kd6 38. Kc2 Kd5 39. Re4 f6 40. h4
g5 41. fxg5 fxg5 42. h5 Rxa5 43. a4 c4 44. Rxc4 Rc5 45. Kc3 Rxc4+ 46. dxc4+ Kc5
47. a5 e5 48. Kd3 Kb4 49. Ke4 Kxc4 50. Kxe5 Kc5 51. Kf5 Kd5 52. Kg6 Ke6 53.
Kxh6 Kf6 54. Kh7 Kf7 55. h6 1-0

[Event "Festa da Uva rapid op"]
[Site "Caxias do Sul"]
[Date "2010.03.??"]
[Round "5"]
[White "Leitao, Rafael Duailibe"]
[Black "Mekhitarian, Krikor Sevag"]
[Result "1-0"]
[WhiteElo "2610"]
[BlackElo "2500"]
[PlyCount "67"]
[EventDate "2010.03.06"]
[EventType "swiss (rapid)"]
[EventRounds "9"]
[EventCountry "BRA"]
[SourceTitle "EXT 2018"]
[Source "ChessBase"]
[SourceDate "2017.10.13"]
[SourceVersion "1"]
[SourceVersionDate "2017.10.13"]
[SourceQuality "1"]

1. d4 Nf6 2. c4 g6 3. Nc3 d5 4. cxd5 Nxd5 5. e4 Nxc3 6. bxc3 Bg7 7. Bc4 c5 8.
Ne2 Nc6 9. Be3 O-O 10. O-O Na5 11. Bd3 b6 12. Qd2 e5 13. Bg5 Qd7 14. Bh6 Bxh6
15. Qxh6 cxd4 16. cxd4 exd4 17. f4 f6 18. f5 Qg7 19. Qh4 g5 20. Qf2 Qe7 21. h4
h6 22. hxg5 hxg5 23. Nxd4 Bd7 24. Rae1 Qc5 25. Rc1 Qd6 26. Bb5 Rf7 27. Bxd7
Rxd7 28. Rfd1 Qe5 29. Ne6 Rxd1+ 30. Rxd1 Qxe4 31. Qd2 Qa4 32. Qd5 Qc6 33. Qd4
Qc2 34. Qd7 1-0

[Event "Festa da Uva rapid op"]
[Site "Caxias do Sul"]
[Date "2010.03.??"]
[Round "6"]
[White "Mekhitarian, Krikor Sevag"]
[Black "Veit, Darlan Rodrigo"]
[Result "1-0"]
[WhiteElo "2500"]
[BlackElo "2123"]
[PlyCount "91"]
[EventDate "2010.03.06"]
[EventType "swiss (rapid)"]
[EventRounds "9"]
[EventCountry "BRA"]
[SourceTitle "EXT 2018"]
[Source "ChessBase"]
[SourceDate "2017.10.13"]
[SourceVersion "1"]
[SourceVersionDate "2017.10.13"]
[SourceQuality "1"]

1. e4 c5 2. Nf3 d6 3. d4 cxd4 4. Nxd4 Nf6 5. Nc3 a6 6. Be3 Ng4 7. Bg5 h6 8. Bc1
Nc6 9. Nb3 Qb6 10. Qe2 Nf6 11. Be3 Qc7 12. O-O-O e5 13. f3 Be6 14. Qf2 Be7 15.
Bb6 Qc8 16. Kb1 Nd7 17. Be3 Qc7 18. g4 Na5 19. Nxa5 Qxa5 20. Nd5 Bxd5 21. Rxd5
Qc7 22. h4 Rc8 23. Bh3 g5 24. h5 O-O 25. Rhd1 Rfe8 26. Bf1 Nf8 27. c3 Ne6 28.
Qc2 Qc6 29. Qb3 Red8 30. R5d2 Kg7 31. Qd5 Rd7 32. Bd3 Bd8 33. Rh2 Bb6 34. Bc1
Bc5 35. Bc2 Kf8 36. Qxc6 Rxc6 37. Bb3 Rc8 38. Bd5 Nf4 39. Rc2 Nxd5 40. Rxd5 a5
41. a4 Ra8 42. Re2 Ra6 43. Re1 Rd8 44. Kc2 Rda8 45. Red1 Ke7 46. R1d3 {time}
1-0

[Event "Festa da Uva rapid op"]
[Site "Caxias do Sul"]
[Date "2010.03.??"]
[Round "7"]
[White "Gattass, Allan Arriada"]
[Black "Mekhitarian, Krikor Sevag"]
[Result "1/2-1/2"]
[WhiteElo "2250"]
[BlackElo "2500"]
[PlyCount "60"]
[EventDate "2010.03.06"]
[EventType "swiss (rapid)"]
[EventRounds "9"]
[EventCountry "BRA"]
[SourceTitle "EXT 2018"]
[Source "ChessBase"]
[SourceDate "2017.10.13"]
[SourceVersion "1"]
[SourceVersionDate "2017.10.13"]
[SourceQuality "1"]

1. d4 Nf6 2. c4 g6 3. Nc3 d5 4. Bg5 Bg7 5. Bxf6 Bxf6 6. cxd5 c6 7. dxc6 Bxd4 8.
cxb7 Bxb7 9. Qb3 Qa5 10. e3 Bxc3+ 11. Qxc3 Qxc3+ 12. bxc3 O-O 13. Rb1 Be4 14.
Rb4 Bd5 15. c4 Bc6 16. Nf3 Na6 17. Rb1 Rab8 18. Rc1 Nc5 19. Nd4 Ba8 20. f3 Rb2
21. Nb3 Nxb3 22. axb3 Rxb3 23. Kf2 Bc6 24. Ra1 Ra8 25. Ra5 Rb1 26. Rg1 Kf8 27.
Bd3 Rb2+ 28. Be2 Ke8 29. Rga1 Rb7 30. h4 Kd7 1/2-1/2

[Event "Festa da Uva rapid op"]
[Site "Caxias do Sul"]
[Date "2010.03.??"]
[Round "8"]
[White "Mekhitarian, Krikor Sevag"]
[Black "Cominato Neto, Jose Luis"]
[Result "1/2-1/2"]
[WhiteElo "2500"]
[BlackElo "2231"]
[PlyCount "66"]
[EventDate "2010.03.06"]
[EventType "swiss (rapid)"]
[EventRounds "9"]
[EventCountry "BRA"]
[SourceTitle "EXT 2018"]
[Source "ChessBase"]
[SourceDate "2017.10.13"]
[SourceVersion "1"]
[SourceVersionDate "2017.10.13"]
[SourceQuality "1"]

1. d4 Nf6 2. c4 g6 3. Nc3 d5 4. cxd5 Nxd5 5. e4 Nxc3 6. bxc3 Bg7 7. Bc4 c5 8.
Ne2 Nc6 9. Be3 O-O 10. O-O Qc7 11. Rc1 Rd8 12. Bd3 e6 13. Qa4 Qe7 14. Rfd1 Bd7
15. Qb3 Be8 16. Bb5 Rac8 17. Bxc6 Bxc6 18. f3 c4 19. Qb2 f5 20. Qc2 b6 21. Re1
Rf8 22. Rcd1 fxe4 23. fxe4 Qb7 24. Ng3 Rf7 25. Bg5 Rcf8 26. Qd2 Ba4 27. Rb1 Bd7
28. Re2 Bc6 29. Bh6 Bxh6 30. Qxh6 Rf4 31. Rbe1 Qe7 32. Rf1 Rxf1+ 33. Nxf1 Qf6 {
Drawn and 1-0 in the Armageddon.} 1/2-1/2

[Event "Festa da Uva rapid op"]
[Site "Caxias do Sul"]
[Date "2010.03.??"]
[Round "9"]
[White "Tine, Vinicius"]
[Black "Mekhitarian, Krikor Sevag"]
[Result "0-1"]
[WhiteElo "2280"]
[BlackElo "2500"]
[PlyCount "74"]
[EventDate "2010.03.06"]
[EventType "swiss (rapid)"]
[EventRounds "9"]
[EventCountry "BRA"]
[SourceTitle "EXT 2018"]
[Source "ChessBase"]
[SourceDate "2017.10.13"]
[SourceVersion "1"]
[SourceVersionDate "2017.10.13"]
[SourceQuality "1"]

1. Nf3 c5 2. c4 Nc6 3. d4 cxd4 4. Nxd4 Nf6 5. g3 Qb6 6. Nb5 a6 7. Qa4 Rb8 8.
N5c3 e6 9. Bg2 Be7 10. O-O O-O 11. a3 d6 12. b4 Qc7 13. Qb3 Ne5 14. Nd2 b6 15.
Bb2 Bb7 16. Rac1 Bxg2 17. Kxg2 Qb7+ 18. Kg1 b5 19. Nd1 Nxc4 20. Nxc4 bxc4 21.
Qxc4 Rfc8 22. Qd4 Rxc1 23. Bxc1 Rc8 24. Ne3 Ne4 25. Nc4 d5 26. Na5 Qb5 27. e3
Qe2 28. Qa7 Bf8 29. Nb3 h5 30. Nd4 Qd3 31. Nf3 Nd6 32. Ne5 Qf5 33. Nd7 h4 34.
Qd4 Rc4 35. Qd1 Be7 36. Nc5 a5 37. Bd2 h3 0-1